000 00364nam a2200157Ia 4500
008 151213s9999 xx 000 0 und d
100 _aJ. F, Engel
245 _aConsumer Behavior
_cJ. F, Engel
250 _a8th
260 _aLondon
_bDryden
_c1995
300 _a2765 p.
650 _aMarketing
650 _aMarketing
700 _aJ. F, Engel
999 _c1875
_d1875